<?xml version="1.0" encoding="UTF-8"?>
<record
    xmlns:xsi="http://www.w3.org/2001/XMLSchema-instance"
    xsi:schemaLocation="http://www.loc.gov/MARC21/slim http://www.loc.gov/standards/marcxml/schema/MARC21slim.xsd"
    xmlns="http://www.loc.gov/MARC21/slim">

  <leader>00926nam a22002417a 4500</leader>
  <controlfield tag="005">20240530110344.0</controlfield>
  <controlfield tag="008">141126s2009    ua b   grb    000 0 ara d</controlfield>
  <datafield tag="040" ind1=" " ind2=" ">
    <subfield code="a">EG-CaGPL</subfield>
  </datafield>
  <datafield tag="041" ind1="0" ind2=" ">
    <subfield code="a">ara</subfield>
  </datafield>
  <datafield tag="082" ind1="0" ind2="4">
    <subfield code="2">21</subfield>
    <subfield code="a">956.524\</subfield>
    <subfield code="b">&#x643; &#x644;</subfield>
  </datafield>
  <datafield tag="100" ind1="0" ind2=" ">
    <subfield code="a">&#x643;&#x645;&#x64A;&#x644; &#x639;&#x632;&#x64A;&#x632;</subfield>
  </datafield>
  <datafield tag="245" ind1="1" ind2=" ">
    <subfield code="a">&#x644;&#x627;&#x630;&#x642;&#x64A;&#x629; &#x627;&#x644;&#x634;&#x627;&#x645; &#x648;&#x62F;&#x648;&#x631;&#x647;&#x627; &#x641;&#x649; &#x627;&#x644;&#x639;&#x635;&#x631; &#x627;&#x644;&#x627;&#x633;&#x644;&#x627;&#x645;&#x649; ( 1095 -1291 &#x645; / 488 -690 &#x647;&#x640; ) /</subfield>
    <subfield code="c">&#x643;&#x645;&#x64A;&#x644; &#x639;&#x632;&#x64A;&#x632;</subfield>
  </datafield>
  <datafield tag="250" ind1=" " ind2=" ">
    <subfield code="a">&#x637;1</subfield>
  </datafield>
  <datafield tag="260" ind1=" " ind2=" ">
    <subfield code="a">&#x627;&#x644;&#x627;&#x633;&#x643;&#x646;&#x62F;&#x631;&#x64A;&#x629; :</subfield>
    <subfield code="b">&#x62F;&#x627;&#x631; &#x627;&#x644;&#x645;&#x639;&#x631;&#x641;&#x629; &#x627;&#x644;&#x62C;&#x627;&#x645;&#x639;&#x64A;&#x629; &#x60C;</subfield>
    <subfield code="c">2009</subfield>
  </datafield>
  <datafield tag="300" ind1=" " ind2=" ">
    <subfield code="a">306 &#x635; :</subfield>
    <subfield code="b">&#x62E;&#x631;&#x627;&#x626;&#x637; &#x61B;</subfield>
    <subfield code="c">24 &#x633;&#x645;</subfield>
  </datafield>
  <datafield tag="504" ind1=" " ind2=" ">
    <subfield code="a">&#x628;&#x628;&#x644;&#x64A;&#x648;&#x62C;&#x631;&#x627;&#x641;&#x64A;&#x629; &#x635; : 283 -306</subfield>
  </datafield>
  <datafield tag="650" ind1=" " ind2=" ">
    <subfield code="a">&#x627;&#x644;&#x62D;&#x631;&#x648;&#x628; &#x627;&#x644;&#x635;&#x644;&#x64A;&#x628;&#x64A;&#x629;</subfield>
    <subfield code="x">&#x62A;&#x627;&#x631;&#x64A;&#x62E;</subfield>
  </datafield>
  <datafield tag="651" ind1="0" ind2="4">
    <subfield code="a">&#x627;&#x644;&#x644;&#x627;&#x630;&#x642;&#x64A;&#x629;</subfield>
    <subfield code="x">&#x62A;&#x627;&#x631;&#x64A;&#x62E;</subfield>
    <subfield code="z">&#x633;&#x648;&#x631;&#x64A;&#x627;</subfield>
  </datafield>
  <datafield tag="651" ind1="0" ind2="4">
    <subfield code="a">&#x633;&#x648;&#x631;&#x64A;&#x627;</subfield>
    <subfield code="x">&#x62A;&#x627;&#x631;&#x64A;&#x62E;</subfield>
    <subfield code="y">&#x627;&#x644;&#x639;&#x635;&#x631; &#x627;&#x644;&#x627;&#x633;&#x644;&#x627;&#x645;&#x649;</subfield>
  </datafield>
  <datafield tag="651" ind1="0" ind2="4">
    <subfield code="a">&#x627;&#x644;&#x644;&#x627;&#x630;&#x642;&#x64A;&#x629; </subfield>
    <subfield code="x">&#x62C;&#x63A;&#x631;&#x627;&#x641;&#x64A;&#x627;</subfield>
    <subfield code="z">&#x633;&#x648;&#x631;&#x64A;&#x627;</subfield>
  </datafield>
  <datafield tag="942" ind1=" " ind2=" ">
    <subfield code="2">ddc</subfield>
    <subfield code="c">BK</subfield>
  </datafield>
  <datafield tag="999" ind1=" " ind2=" ">
    <subfield code="c">59939</subfield>
    <subfield code="d">59939</subfield>
  </datafield>
  <datafield tag="952" ind1=" " ind2=" ">
    <subfield code="0">0</subfield>
    <subfield code="1">0</subfield>
    <subfield code="4">0</subfield>
    <subfield code="7">0</subfield>
    <subfield code="a">CAI</subfield>
    <subfield code="b">CAI</subfield>
    <subfield code="d">2014-11-26</subfield>
    <subfield code="l">0</subfield>
    <subfield code="o">956.524\ &#x643; &#x644;</subfield>
    <subfield code="p">158904</subfield>
    <subfield code="r">2014-11-26 00:00:00</subfield>
    <subfield code="w">2014-11-26</subfield>
    <subfield code="y">BK</subfield>
  </datafield>
</record>
